UBT Library

Basic infection control for health care providers / (Record no. 42825)

000 -LEADER
fixed length control field 00878cam a22002654a 4500
001 - CONTROL NUMBER
control field 14365899
005 - DATE AND TIME OF LATEST TRANSACTION
control field 20180216080635.0
008 - FIXED-LENGTH DATA ELEMENTS--GENERAL INFORMATION
fixed length control field 060505s2007 nyua b 001 0 eng
010 ## - LIBRARY OF CONGRESS CONTROL NUMBER
LC control number 2006014983
020 ## - INTERNATIONAL STANDARD BOOK NUMBER
International Standard Book Number 141801978X (alk. paper)
035 ## - SYSTEM CONTROL NUMBER
System control number (OCoLC)ocm68624082
035 ## - SYSTEM CONTROL NUMBER
System control number (OCoLC)68624082
040 ## - CATALOGING SOURCE
Original cataloging agency DLC
Transcribing agency DLC
Modifying agency YDXCP
-- BAKER
-- VET
-- OCLCQ
-- BTCTA
-- DLC
041 ## - LANGUAGE CODE
Language code of text/sound track or separate title eng
042 ## - AUTHENTICATION CODE
Authentication code pcc
080 ## - UNIVERSAL DECIMAL CLASSIFICATION NUMBER
Universal Decimal Classification number 614.44 KEN
082 00 - DEWEY DECIMAL CLASSIFICATION NUMBER
Classification number 614.44 KEN
Edition number 22
100 1# - Rafti
Rafti INF
101 ## - Shkurtesa
Shkurtesa 8
245 10 - TITLE STATEMENT
Title Basic infection control for health care providers /
Statement of responsibility, etc Mike Kennamer.
504 ## - BIBLIOGRAPHY, ETC. NOTE
Bibliography, etc Includes bibliographical references and index.
906 ## - LOCAL DATA ELEMENT F, LDF (RLIN)
a 7
b cbc
c orignew
d 1
e ecip
f 20
g y-gencatlg
942 ## - ADDED ENTRY ELEMENTS (KOHA)
Source of classification or shelving scheme
Item type Books
Holdings
Withdrawn status Lost status Source of classification or shelving scheme Damaged status Not for loan Collection code Permanent location Current location Shelving location Date acquired Total Checkouts Full call number Barcode Date last seen Price effective from Koha item type
          Koleksioni i përgjithshem UBT - Lipjan UBT - Lipjan Koleksioni i përgjithshem 02/16/2018   614.44 KEN 002-2998797 02/16/2018 02/16/2018 Books
UBT Library © 2015-2024. All rights reserved University Education for Business and Technology